000 00496nam a2200181Ia 4500
003 IN-BaIIA
008 211028s9999 xx 000 0 eng d
020 _a 978-0486602202
040 _cIIA Library
080 _a51-74
_bSMI
100 _aSmith, Lloyd P
_93057
245 0 _aMathematical methods for scientists and engineers
_cLloyd P. Smith
260 _aNew York
_bPrentice-Hall
_c1953
300 _ax, 453p.
650 _aMathematics-general
_9750
650 _aNASA thesaurus
942 _cBK
999 _c1511
_d1511